000 00593nam a22001697a 4500
999 _c8548
_d8548
008 201202b ||||| |||| 00| 0 eng d
040 _aBMS College of Architecture
100 _aAshok, Neha
245 _aFaith is journey : exploring liminality and Uraban sacred spaces in the context of the jacobite syrian Church
300 _aiv,40p.
500 _a1BM13AT047
502 _8B,Arch
_NBMS College of Architecture, Visvesvaraya Technological University (VTU)
_aproject report
_d2017
650 _aUrban Sacred
700 _aShanu Raina
_eGuide
700 _aPraveen Alva
942 _2ddc
_cTHE